BIBLIOTECA PODER JUDICIAL
Portal Judicial TDF

Una desregulación paradojal que afecta la libertad sindical, limitando la autonomía sindical y facilitando una mayor injerencia de la autoridad estatal / (Registro nro. 6028)

000 -LEADER
fixed length control field 01280nab a22002297a 4500
003 - CONTROL NUMBER IDENTIFIER
control field OSt
005 - DATE AND TIME OF LATEST TRANSACTION
control field 20260116202510.0
008 - FIXED-LENGTH DATA ELEMENTS--GENERAL INFORMATION
fixed length control field 190605e xxu||||| |||| 00| 0 spa d
040 ## - CATALOGING SOURCE
Transcribing agency PJ
100 ## - MAIN ENTRY--PERSONAL NAME
Personal name Gambacorta, Mario L.
9 (RLIN) 5137
245 10 - TITLE STATEMENT
Title Una desregulación paradojal que afecta la libertad sindical, limitando la autonomía sindical y facilitando una mayor injerencia de la autoridad estatal /
Statement of responsibility, etc Mario L. Gambacorta.
260 ## - PUBLICATION, DISTRIBUTION, ETC. (IMPRINT)
Place of publication, distribution, etc Ciudad Autónoma de Buenos Aires :
Name of publisher, distributor, etc Thomson Reuters La Ley,
Date of publication, distribution, etc 2025.
300 ## - PHYSICAL DESCRIPTION
Extent p. 13-20
500 ## - GENERAL NOTE
General note Cita Online: Cita: TR LALEY AR/DOC/2157/2025.
505 ## - FORMATTED CONTENTS NOTE
Formatted contents note Sumario: I. A modo de presentación.— II. Los considerandos que ¿fundamentan? el decreto.— III. La modificación del art. 56, inc. 4 de la ley 23.551.— IV. La sustitución del art. 15 del dec. 467/88.— V. Consideraciones finales.— VI. Referencias bibliográficas.
505 ## - FORMATTED CONTENTS NOTE
Title ¿Te interesa el texto completo? Solicitalo al correo: koha@justierradelfuego.gov.ar
650 #0 - SUBJECT ADDED ENTRY--TOPICAL TERM
9 (RLIN) 4583
Topical term or geographic name as entry element DERECHOS SINDICALES
650 #0 - SUBJECT ADDED ENTRY--TOPICAL TERM
9 (RLIN) 1367
Topical term or geographic name as entry element ASOCIACIONES SINDICALES
650 #0 - SUBJECT ADDED ENTRY--TOPICAL TERM
9 (RLIN) 1461
Topical term or geographic name as entry element LIBERTAD SINDICAL
773 0# - HOST ITEM ENTRY
Host Biblionumber 2711
Host Itemnumber 3168
Place, publisher, and date of publication Ciudad Autónoma de Buenos Aires : Thomson Reuters La Ley, 1999-2002.
Title Revista de derecho del trabajo. Nº 5 - Septiembre 2025
942 ## - ADDED ENTRY ELEMENTS (KOHA)
Source of classification or shelving scheme
Koha item type Analítica Artículo de Revista

No hay ítems disponibles.

12 de Octubre 789 Ushuaia - Tel:  54(02901)441571
Horario de Atención: 8.00 a 17.00 hs. 
bibliotecaush@justierradelfuego.gov.ar
koha@justierradelfuego.gov.ar
Seguinos en nuestras redes @bibliojustdf 

Con tecnología Koha